R.Gupta's UGC NET/SET environmental sciences paper ll & lll / (Record no. 87226)

MARC details
000 -LEADER
fixed length control field 00607nam a22001937a 4500
005 - DATE AND TIME OF LATEST TRANSACTION
control field 20140822111716.0
010 ## - LCCN (DPL NO)
LC control number ENG-110527
020 ## - INTERNATIONAL STANDARD BOOK NUMBER
International Standard Book Number 9788178127224
Terms of availability 445.00
035 ## - SYSTEM CONTROL NUMBER
System control number EN-94059
037 ## - SOURCE OF ACQUISITION
Source of stock number/acquisition DBAD/PUB
082 ## - DEWEY DECIMAL CLASSIFICATION NUMBER
Classification number 363.7
100 ## - MAIN ENTRY--PERSONAL NAME
Personal name Singh,B.B.
245 ## - TITLE STATEMENT
Title R.Gupta's UGC NET/SET environmental sciences paper ll & lll /
Statement of responsibility, etc by B.B.Singh [and] Ravindra Pandey
260 ## - PUBLICATION, DISTRIBUTION, ETC. (IMPRINT)
Place of publication, distribution, etc New Delhi
Name of publisher, distributor, etc Ramesh Publishing House
Date of publication, distribution, etc 2013
270 ## - ADDRESS
Address 12-H,New Daryaganj Road,
City New Delhi
Postal code 110002
300 ## - PHYSICAL DESCRIPTION
Extent xvi,640p.
Dimensions 24cm(pbk)
700 ## - ADDED ENTRY--PERSONAL NAME
Personal name Pandey, Ravindra
942 ## - ADDED ENTRY ELEMENTS (KOHA)
Source of classification or shelving scheme Dewey Decimal Classification
Item type English Books
Call number suffix SIN
Classification part 363.7
Holdings
Withdrawn status Lost status Not for loan Collection code Home library Current library Date acquired Source of acquisition Cost, normal purchase price Full call number Barcode Copy number Cost, replacement price Koha item type
    Not For Loan Non-fiction D.B.Act.Division D.B.Act.Division 18/07/2014 DBAD/PUB 445.00 363.7 SIN EN-94059 1 445.00 English Books

© Delhi Public Library
Hit Counter
free hit counter